• 首页
  • 本馆介绍
  • 公告通知
  • 最新文献
  • 馆藏检索
  • 电子资源
  • 读者导购
  • 参考咨询
  • 我的图书馆
  • 登录
  • 详细信息显示
  • 放入我的书架
  • 预约/预借图书
  • 作者相关作品
  • 分类相关作品
  • 丛书相关作品
  • 出版社相关作品

书目信息

  • 表格格式
  • 工作单格式
  • 卡片格式
题名:
旅游地理学
    
 
作者: 保继刚 , 楚义芳 编著
分册:  
出版信息: 北京   高等教育出版社  1999.9
页数: 269页
开本: 16开
丛书名: 面向21世纪课程教材
单 册:
中图分类: F591.99
科图分类:
主题词: 旅游经济
电子资源:
ISBN: 7-04-007729-9
000 00657nam0 2200229 45
001 0103011442
005 20070720115409.48
010    @a7-04-007729-9@dCNY15.00
100    @a20010301d1999 km y0chiy0120 ea
101 0  @achi
200 1  @a旅游地理学@ALu You Di Li Xue@f保继刚,楚义芳编著@FBao Ji Gang,Chu Yi Fang Bian Zhu
205    @a2版@b修订版
210    @a北京@c高等教育出版社@d1999.9
215    @a269页@d16开
225    @a面向21世纪课程教材
410    @12001 @a面向21世纪课程教材
606 0  @a旅游经济
690    @aF591.99@v1
701  0 @a保继刚@4编著
701  0 @a楚义芳@4编著
801    @aCN@bTSTC@c20070720
905    @b295215-219@dF591.99@e7=2@f5
    
    旅游地理学/保继刚,楚义芳编著.-2版,修订版.-北京:高等教育出版社,1999.9
    269页;16开.-(面向21世纪课程教材)
    
    
    ISBN 7-04-007729-9:CNY15.00
    
●
相关链接 在E读中查询图书 在五车中查询图书 在当当中查询图书 在豆瓣中查询图书


正题名:旅游地理学     索取号:F591.99/7=2         预约/预借

序号 登录号 条形码 馆藏地/架位号 状态 备注
1 0295215   002952157   第一借阅区/ [索取号:F591.99/7=2] 在馆    
2 0295216   002952166   第一借阅区/ [索取号:F591.99/7=2] 在馆    
3 0295217   002952175   第一借阅区/ [索取号:F591.99/7=2] 在馆    
4 0295218   002952184   第一借阅区/ [索取号:F591.99/7=2] 在馆    
5 0295219   002952193   第一样本阅览室/ [索取号:F591.99/7=2] 在馆    
6 0766190   207661902   密集书库/ [索取号:F591.99/7=2] 在馆    
欢迎您!
大连网信软件有限公司© 版权所有